000 01296nam a22003017a 4500
005 2010091802302.0
008 100915t xxu||||| |||| 00| 0 hin d
010 _aHIN-91947
020 _c300.00
_a9788189821036
020 _a8189821032
035 _aHN-64293
037 _bDBAD / PUB
040 _aDPL
_bHN
082 _a301
100 _920178
_aतायल, पी.सी.
245 _aपरिवर्तन एवं विकास का समाजशास्त्र /
_cपी.सी.तायल एवं आलोक कुमार यादव
246 _aSociology of change & development
_bby p.c.tayal
260 _aदिल्ली
_bनवराज प्रकाशन
_c2009
270 _aबी-413 सी, गली नं. 5, गाँवड़ी एक्सटेंशन भजनपुरा
_bदिल्ली
_e110053
_k011- 65796579
300 _a207पृ.
_c22सेमी (सजिल्द)
650 _91159
650 _926117
700 _920179
_aयादव, आलोक कुमार
700 _920333
700 _920540
942 _2ddc
_cHN
_mतायल
_h301
999 _c50833
_d50833